Unlocking the Secrets of Crowdfunding Success: a Comprehensive Analysis of Key Determinants
Cieľom práce je nájsť determinanty, ktoré podmieňujú úspešnosť crowdfundingových kampaní a následne vyhodnotiť vplyv jednotlivých determinantov.
Enregistré dans:
| Auteur principal: | |
|---|---|
| Autres auteurs: | |
| Format: | Chapitre de livre |
| Langue: | anglais |
| Sujets: | |
| Tags: |
Pas de tags, Soyez le premier à ajouter un tag!
|
MARC
| LEADER | 00000naa a2200000 4500 | ||
|---|---|---|---|
| 001 | 0299293 | ||
| 005 | 20240417075304.7 | ||
| 041 | 0 | |a eng | |
| 044 | |a SK | ||
| 245 | 1 | 0 | |a Unlocking the Secrets of Crowdfunding Success: a Comprehensive Analysis of Key Determinants |c Matúš Senci, Vytautas Snieska |
| 520 | |a Cieľom práce je nájsť determinanty, ktoré podmieňujú úspešnosť crowdfundingových kampaní a následne vyhodnotiť vplyv jednotlivých determinantov. | ||
| 610 | 2 | 0 | |a crowdfunding |
| 610 | 2 | 0 | |a fundraising |
| 610 | 2 | 0 | |a podnikanie |
| 610 | 2 | 0 | |a projekty |
| 100 | 1 | |a Senci, Matúš | |
| 700 | 1 | |a Snieska, Vytautas | |